Ethical leadership / (Record no. 50827)

MARC details
000 -LEADER
fixed length control field 01204nam a22003137a 4500
005 - DATE AND TIME OF LATEST TRANSACTION
control field 20110301115552.0
008 - FIXED-LENGTH DATA ELEMENTS--GENERAL INFORMATION
fixed length control field 110301t xxu||||| |||| 00| 0 eng d
010 ## - LCCN (DPL NO)
LC control number ENG-102058
020 ## - INTERNATIONAL STANDARD BOOK NUMBER
International Standard Book Number 9780071074049
Terms of availability 295.00
020 ## - INTERNATIONAL STANDARD BOOK NUMBER
International Standard Book Number 007107404x
Terms of availability 295.00
035 ## - SYSTEM CONTROL NUMBER
System control number EN-85591
037 ## - SOURCE OF ACQUISITION
Source of stock number/acquisition DBAD/PUB
040 ## - CATALOGING SOURCE
Original cataloging agency dpl
Language of cataloging Eng
082 00 - DEWEY DECIMAL CLASSIFICATION NUMBER
Classification number 658.4092
100 1# - MAIN ENTRY--PERSONAL NAME
Personal name Mendonca, Manuel
9 (RLIN) 26309
245 10 - TITLE STATEMENT
Title Ethical leadership /
Statement of responsibility, etc by Manuel Mendonca [and] Rabindra N. Kanungo
260 ## - PUBLICATION, DISTRIBUTION, ETC. (IMPRINT)
Place of publication, distribution, etc New Delhi
Name of publisher, distributor, etc Tata McGraw Hill
Date of publication, distribution, etc 2010
270 ## - ADDRESS
Address 7 West Patel Nagar
City New Delhi
Postal code 110008
300 ## - PHYSICAL DESCRIPTION
Extent xi, 156 p.
Dimensions 23 cm (pbk)
490 ## - SERIES STATEMENT
Series statement Work and organizational psychology
-- 26314
500 ## - GENERAL NOTE
General note Includes bibliographical references and index.
650 #0 - SUBJECT ADDED ENTRY--TOPICAL TERM
Topical term or geographic name as entry element Leadership |x Moral and ethical aspects.
9 (RLIN) 26310
650 #0 - SUBJECT ADDED ENTRY--TOPICAL TERM
Topical term or geographic name as entry element Business ethics.
9 (RLIN) 26315
650 #0 - SUBJECT ADDED ENTRY--TOPICAL TERM
Topical term or geographic name as entry element Organizational behavior.
9 (RLIN) 26316
700 1# - ADDED ENTRY--PERSONAL NAME
Personal name Kanungo, Rabindra Nath
9 (RLIN) 26311
942 ## - ADDED ENTRY ELEMENTS (KOHA)
Source of classification or shelving scheme Dewey Decimal Classification
Item type English Books
Classification part 658.4092
Call number suffix MEN
Holdings
Withdrawn status Lost status Source of classification or shelving scheme Damaged status Not for loan Collection code Home library Current library Date acquired Source of acquisition Cost, normal purchase price Total Checkouts Full call number Barcode Date last seen Copy number Cost, replacement price Koha item type
    Dewey Decimal Classification   Not For Loan Non-fiction D.B.Act.Division D.B.Act.Division 01/03/2011 DBAD/PUB 295.00   658.4092 MEN EN-85591 01/03/2011 1 295.00 English Books

© Delhi Public Library
Hit Counter
free hit counter